000
00340nam a22001457a 4500
008
190129b xxu||||| |||| 00| 0 eng d
020
_a
0070796890
041
_a
eng
080
_a
616.5
082
_2
3 th
_a
616.5
100
_a
7
101
_a
DER
245
_a
Dermatology in general medicine
_c
Fitzpatrick B Thomas
942
_2
udc
_c
BK
999
_c
53872
_d
53872